000 00570cam a22002053a 4500
001 36460
003 PGUSA
005 20140828083805.0
008 110618s2011||||xxu|||||s|||||000 | eng d
040 _aPGUSA
_beng
042 _adc
100 1 _aAimard, Gustave,
_d1818-1883
245 1 0 _aCœur de panthère
_h[electronic resource] /
_cGustave Aimard
260 _bProject Gutenberg,
_c2011
506 _aPublic domain in the USA.
516 _aElectronic text
830 0 _aProject Gutenberg
_v36460
856 4 0 _uhttp://www.gutenberg.org/ebooks/36460
942 _cEB
999 _c265715
_d265715